[Event "1st European Blitz Ch"]
[Site "Neum BIH"]
[Date "2000.10.04"]
[Round "7"]
[White "Sokolov,I"]
[Black "Dreev,A"]
[Result "1/2-1/2"]
[WhiteElo "2611"]
[BlackElo "2676"]

1.d4 d5 2.c4 c6 3.Nc3 Nf6 4.Nf3 a6 5.h3 e6 6.cxd5 cxd5 7.Bf4 Nc6 8.e3 Bd6
9.Bd3 O-O 10.O-O Bxf4 11.exf4 Bd7 12.Qd2 Rc8 13.Rad1 b5 14.Bb1 b4 15.Ne2 Ne4
16.Bxe4 dxe4 17.Ng5 Qa5 18.Nxe4 Qxa2 19.Nc5 Rfd8 20.Nb7 Rf8 21.Nc5 Rfd8 22.Nb7 Rf8
23.Nc5  1/2-1/2

[Event "1st European Blitz Ch"]
[Site "Neum BIH"]
[Date "2000.10.04"]
[Round "10"]
[White "Dreev,A"]
[Black "Volkov,S"]
[Result "1-0"]
[WhiteElo "2676"]
[BlackElo "2554"]

1.d4 d5 2.c4 c6 3.Nf3 Nf6 4.e3 a6 5.b3 Bg4 6.h3 Bxf3 7.Qxf3 Nbd7 8.Bb2 e5
9.Qd1 Bb4+ 10.Bc3 Bxc3+ 11.Nxc3 Qa5 12.Qd2 exd4 13.exd4 O-O-O 14.Be2 Rhe8
15.Rc1 dxc4 16.bxc4 Nc5 17.O-O Na4 18.Nxa4 Qxa4 19.Bf3 Re7 20.Rfd1 Red7 21.Qg5 Rxd4
22.Rxd4 Rxd4 23.Qxg7 Rd6 24.c5 Qa3 25.Rc2 Re6 26.Qxf7 Re1+ 27.Kh2 Nd7 28.Bg4 Qd3
29.Rb2 h5 30.Qxh5 Qd4 31.Bxd7+ Qxd7 32.Re2 Rxe2 33.Qxe2 Qd5 34.Qc2 Qe5+ 35.g3 a5
36.h4 a4 37.a3 Qd4 38.h5 Qf6 39.Kg2 Qg5 40.Qg6 Qd5+ 41.Kh2 Qxc5 42.Qg8+ Kc7
43.Qf7+ Kb8 44.h6 Ka7 45.h7  1-0

[Event "1st European Blitz Ch"]
[Site "Neum BIH"]
[Date "2000.10.05"]
[Round "12"]
[White "Dreev,A"]
[Black "Kozul,Z"]
[Result "1-0"]
[WhiteElo "2676"]
[BlackElo "2611"]

1.d4 Nf6 2.c4 g6 3.Nc3 Bg7 4.e4 d6 5.f3 O-O 6.Nge2 c6 7.Be3 e5 8.Qd2 Qc7
9.d5 cxd5 10.cxd5 Nbd7 11.Ng3 Kh8 12.Bd3 Ng8 13.Rc1 Qd8 14.Nb5 Nb6 15.O-O f5
16.f4 exf4 17.Bxf4 a6 18.Nc7 Rb8 19.exf5 gxf5 20.Ne6 Bxe6 21.dxe6 Ne7 22.Nh5 Nbd5
23.Nxg7 Nxf4 24.Qxf4 Kxg7 25.Qd4+ Kg8 26.Rf3 b5 27.Kh1 Qb6 28.Qh4 Rb7 29.Rcf1 Qc5
30.Qg5+ Ng6 31.Bxf5 Kh8 32.Qh6 Rg7 33.Bxg6 Rxf3 34.Rxf3  1-0

[Event "1st European Blitz Ch"]
[Site "Neum BIH"]
[Date "2000.10.05"]
[Round "13"]
[White "Zelcic,R"]
[Black "Dreev,A"]
[Result "0-1"]
[WhiteElo "2457"]
[BlackElo "2676"]

1.e4 c6 2.d4 d5 3.Nc3 dxe4 4.Nxe4 Bf5 5.Ng3 Bg6 6.Bc4 e6 7.N1e2 Nf6 8.h4 h6
9.Nf4 Bh7 10.Ngh5 Nbd7 11.c3 Nxh5 12.Nxh5 Nf6 13.Bf4 Nxh5 14.Qxh5 Bd6 15.Be3 Qf6
16.O-O-O O-O-O 17.Qa5 a6 18.g3 Bc7 19.Qa4 b5 20.Qxa6+ Kd7 21.d5 exd5 22.Bxd5 cxd5
23.Rxd5+ Ke8 24.Qxb5+ Kf8 25.Bc5+ Kg8 26.Rhd1 Bg6 27.h5 Bxh5 28.Bd4 Rxd5
29.Qxd5 Qf3 30.Qxf3 Bxf3 31.Re1 Bd6 32.b4 Kh7 33.a4 Ra8 34.a5 g5 35.Re3 Bg2
36.Be5 Bxe5 37.Rxe5 Kg6 38.c4 h5 39.f4 gxf4 40.gxf4 f6 41.Re2 Bf3  0-1

[Event "1st European Blitz Ch"]
[Site "Neum BIH"]
[Date "2000.10.05"]
[Round "20"]
[White "Van Wely,L"]
[Black "Dreev,A"]
[Result "1-0"]
[WhiteElo "2643"]
[BlackElo "2676"]

1.d4 d5 2.c4 c6 3.Nc3 Nf6 4.Nf3 a6 5.c5 Nbd7 6.h3 g6 7.Bf4 Bg7 8.e3 O-O 9.Be2 Ne8
10.O-O Nc7 11.b4 Re8 12.a4 e5 13.Bg3 e4 14.Nd2 Ne6 15.Nb3 f5 16.Qd2 h5 17.b5 h4
18.Bd6 a5 19.Rab1 Nf6 20.Na1 g5 21.bxc6 bxc6 22.Rb6 Bd7 23.Rfb1 g4 24.Rb8 Rxb8
25.Rxb8 Qxb8 26.Bxb8 Rxb8 27.Bd1 Bh6 28.Nb3 g3 29.fxg3 hxg3 30.Ne2 Be8 31.Nxg3 f4
32.Nf5 Bg5 33.h4 fxe3 34.Qxa5 Bf4 35.Qa7 e2 36.Bxe2 Rxb3 37.g3 Bxg3 38.Qe7 Rb1+
39.Kg2 Nf4+ 40.Kxg3 Nxe2+ 41.Kf2 e3+ 42.Kxe2 Bh5+ 43.Kd3 Rd1+ 44.Kc2 Rd2+
45.Kb3 Ne8 46.Qg5+ Kf8 47.Qxh5 Rf2 48.Qh6+ Kf7 49.Nxe3  1-0

[Event "Gp B"]
[Site "Cap d'Agde FRA"]
[Date "2000.10.29"]
[Round "1"]
[White "Dreev,A"]
[Black "Gurevich,M"]
[Result "1-0"]
[WhiteElo "2676"]
[BlackElo "2667"]

1.d4 d5 2.c4 c6 3.Nf3 Nf6 4.e3 Bf5 5.Nc3 e6 6.Nh4 Bg4 7.Qb3 Qc7 8.h3 Bh5
9.g4 Bg6 10.g5 dxc4 11.Qxc4 Nd5 12.Nxg6 hxg6 13.Bg2 Nd7 14.Bd2 N7b6 15.Qb3 a5
16.a3 a4 17.Qa2 Be7 18.h4 Rd8 19.Ne2 Qb8 20.O-O-O c5 21.Kb1 cxd4 22.Nxd4 Bc5
23.Bc1 Nc7 24.Nf3 Nb5 25.Ka1 Qc7 26.Bd2 Qd6 27.Rc1 e5 28.Ba5 Qe7 29.Bxb6 Bxb6
30.Qc4 Nd6 31.Qxa4+ Kf8 32.Qb4 Ba7 33.Qa5 Bb8 34.Nxe5 Kg8 35.Nf3 Ne4 36.Rc2 Bd6
37.Nd4 Nc5 38.Qb5 Kh7 39.Nf3 Rc8 40.h5 gxh5 41.Rxh5+ Kg8 42.Rxh8+ Kxh8 43.Kb1 Qe4
44.Qc4 Rc7 45.Qxe4 Nxe4 46.Nd4 Rxc2 47.Kxc2 Nxf2 48.Bxb7 Nh3 49.Nf3 g6 50.a4 Kg7
51.a5 Bb4 52.a6 Bc5 53.Kd3 Nf2+ 54.Kc4 Ba7 55.Nd4 Nd1 56.Nc6 Nxb2+ 57.Kb3 Bxe3
58.Kxb2 f6 59.Kc3 Bb6 60.Kc4 fxg5 61.Bc8 g4 62.Bxg4 Kf6 63.Kd5 Kg5 64.Bd1 Kf4
65.Kd6 g5 66.Kd7 Ke4 67.Kc8 Kd5 68.Kb7 Bg1 69.Be2 g4 70.Ne7+ Ke6 71.Nc8 g3
72.Bf3  1-0

[Event "Gp B"]
[Site "Cap d'Agde FRA"]
[Date "2000.10.29"]
[Round "2"]
[White "Serper,G"]
[Black "Dreev,A"]
[Result "1/2-1/2"]
[WhiteElo "2574"]
[BlackElo "2676"]

1.d4 d5 2.c4 c6 3.Nf3 Nf6 4.Nc3 e6 5.cxd5 exd5 6.Qc2 g6 7.Bg5 Bg7 8.e3 Bf5
9.Bd3 Bxd3 10.Qxd3 Nbd7 11.b4 O-O 12.O-O Qe8 13.Bxf6 Nxf6 14.Nd2 Qe7 15.Rab1 b5
16.a4 a6 17.Rfc1 Nd7 18.a5  1/2-1/2

[Event "Gp B"]
[Site "Cap d'Agde FRA"]
[Date "2000.10.30"]
[Round "4"]
[White "Dreev,A"]
[Black "Dorfman,J"]
[Result "1/2-1/2"]
[WhiteElo "2676"]
[BlackElo "2600"]

1.d4 d5 2.c4 c6 3.Nf3 Nf6 4.Qb3 dxc4 5.Qxc4 Bf5 6.g3 e6 7.Bg2 Nbd7 8.O-O Be7
9.Nc3 O-O 10.e3 b5 11.Qe2 b4 12.Na4 Be4 13.Rd1 Qa5 14.b3 Qb5 15.Bf1 Qxe2
16.Bxe2 c5 17.Bb2 Rfc8 18.Nd2 Bb7 19.Nc4 cxd4 20.Bxd4 Nc5 21.Nxc5 Bxc5 22.a3 Bxd4
23.Rxd4 bxa3 24.Nd6 Rc7 25.Nxb7 Rxb7 26.Bf3 Nd5 27.Rxd5 exd5 28.Bxd5 Rab8
29.Bxb7 Rxb7 30.Rxa3 g5 31.Kg2 Kg7 32.g4 Kg6 33.Kg3 f6 34.h4 gxh4+ 35.Kxh4 Rb4
36.f4 a5 37.Kg3 Rb5 38.e4 h5 39.f5+ Kg5 40.gxh5 Rc5 41.Kf2 Kxh5 42.Ke3 Kg5
43.Kd4 Rb5 44.Kc4 Re5 45.Kd3 Rb5 46.Kc4 Re5 47.Kd3 Rb5 48.Kc4  1/2-1/2

[Event "KO"]
[Site "Cap d'Agde FRA"]
[Date "2000.11.02"]
[Round "1.1"]
[White "Dreev,A"]
[Black "Tkachiev,V"]
[Result "1/2-1/2"]
[WhiteElo "2676"]
[BlackElo "2657"]

1.d4 Nf6 2.c4 g6 3.Nc3 Bg7 4.e4 d6 5.f3 O-O 6.Nge2 c5 7.d5 e6 8.Ng3 exd5
9.cxd5 h5 10.Bg5 Qb6 11.Qb3 Qc7 12.Be2 a6 13.O-O Nh7 14.Be3 Qe7 15.f4 h4
16.Nh1 b5 17.Nf2 Nd7 18.Bf3 g5 19.Ne2 f5 20.h3 gxf4 21.Nxf4 Ne5 22.Kh1 Ng5
23.Nh5 Bh8 24.Be2 Bd7 25.Qc2 Ng6 26.Qd2 Nxe4 27.Nxe4 fxe4 28.Bh6 Rxf1+ 29.Rxf1 Kh7
30.Bg5 e3 31.Bxe3 Rf8 32.Rxf8 Qxf8 33.Nf4 Nxf4 34.Bxf4 Bf5 35.b3 Qf6 36.Qe3 Bg7
37.Bd3 Bxd3 38.Qxd3+ Kg8 39.Qe4 Kf7 40.g3 hxg3 41.Kg2 Qg6 42.Qxg6+ Kxg6 43.Bxd6 c4
44.bxc4 bxc4 45.Kxg3 c3 46.Ba3 c2 47.d6 Be5+ 48.Kf3 Bxd6 49.Bc1 Kh5 50.Ke4 Kh4
51.Kd3 Kxh3 52.Kxc2 Kg4 53.Kd3 Kf5 54.Kc4 Ke6  1/2-1/2

[Event "KO"]
[Site "Cap d'Agde FRA"]
[Date "2000.11.02"]
[Round "1.2"]
[White "Tkachiev,V"]
[Black "Dreev,A"]
[Result "0-1"]
[WhiteElo "2657"]
[BlackElo "2676"]

1.c4 c6 2.e4 d5 3.exd5 Nf6 4.Nc3 cxd5 5.d4 Nc6 6.Bg5 dxc4 7.Bxc4 e6 8.Nf3 Be7
9.O-O O-O 10.a3 a6 11.Qd3 b5 12.Ba2 b4 13.Na4 e5 14.Bxf6 Bxf6 15.Qe4 exd4
16.Rac1 Bd7 17.Rxc6 Re8 18.Qd5 Bxc6 19.Qxc6 bxa3 20.bxa3 Ra7 21.Nb6 Rc7 22.Qa4 Rc5
23.Nd5 Re6 24.Nf4 Rd6 25.Nd3 Rc7 26.Rb1 g6 27.h3 Kg7 28.Rd1 Qd7 29.Qa5 Rc2
30.Nde5 Qf5 31.Bb1 d3 32.Qe1 Re2 33.Qb4 Bxe5 34.Qc4 Qe4 35.Qc5 Qd5 36.Qb4 a5
37.Qa4 Rb2 38.Qg4 d2 39.Be4 Qc5 40.Nh4 Kf8 41.Qe2 Bf6 42.Nf3 Kg7 43.g3 Qxa3
44.h4 Qc5 45.Nh2 h5 46.Nf1 a4 47.Rxd2 Rdxd2 48.Nxd2 Qc1+  0-1

[Event "KO"]
[Site "Cap d'Agde FRA"]
[Date "2000.11.03"]
[Round "2.2"]
[White "Dreev,A"]
[Black "Karpov,An"]
[Result "1-0"]
[WhiteElo "2676"]
[BlackElo "2699"]

1.d4 Nf6 2.c4 e6 3.Nf3 b6 4.a3 Bb7 5.Nc3 d5 6.Qc2 c5 7.cxd5 cxd4 8.Qa4+ Nbd7
9.Nxd4 Nxd5 10.Nxd5 Bxd5 11.e4 Bb7 12.Be3 a6 13.f3 b5 14.Qd1 Be7 15.Be2 O-O
16.O-O Rc8 17.Qe1 Bg5 18.Bf2 Ne5 19.Rd1 Qe7 20.b4 Nc4 21.Bxc4 bxc4 22.Qc3 Bf6
23.Rfe1 Qc7 24.Bg3 Qb6 25.e5 Be7 26.Bf2 Qc7 27.f4 g6 28.Re3 Rfd8 29.Rde1 Rd5
30.Rh3 Qd7 31.f5 exf5 32.e6 fxe6 33.Nxe6 Bd6 34.Ng5 Re8 35.Rxh7 Rxe1+ 36.Bxe1 Qxh7
37.Nxh7 Kxh7 38.Qxc4 g5 39.Bc3 Kg6 40.Qe2 Kf7 41.Qh5+ Ke6 42.Qxg5 Rd1+ 43.Kf2 Be4
44.Qf6+ Kd5 45.Qf7+ Kc6 46.Qc4+ Kd7 47.Qf7+ Kc6 48.g4 Rd5 49.g5 Rd3 50.Qc4+ Kd7
51.g6 Rh3 52.Qf7+ Kc6 53.Qe8+ Kd5 54.Qg8+ Kc6 55.Qa8+ Kb5 56.Qe8+ Kb6 57.Bd4+ Kc7
58.Be5  1-0

[Event "KO"]
[Site "Cap d'Agde FRA"]
[Date "2000.11.03"]
[Round "2.4"]
[White "Karpov,An"]
[Black "Dreev,A"]
[Result "1/2-1/2"]
[WhiteElo "2699"]
[BlackElo "2676"]

1.d4 d5 2.c4 c6 3.Nf3 Nf6 4.e3 a6 5.cxd5 cxd5 6.Bd3 Nc6 7.O-O Bg4 8.Be2 e6
9.Ne1 Bf5 10.Bd3 Bg6 11.Nc3 Bd6 12.h3 Rc8 13.Bd2 Bb8 14.Rc1 Ne4 15.Nxe4 dxe4
16.Be2 O-O 17.Bc3 Bf5 18.Bg4 Qd6 19.g3 Bg6 20.Ng2 Qe7 21.Qb3 Rcd8 22.Rfd1 Rd5
23.Be2 Bh5 24.Qc2 Bxe2 25.Qxe2 f5 26.Be1 Qd7 27.Rd2 Nb4 28.a3 Nd3 29.Rc3 e5
30.dxe5 Bxe5 31.Rcc2 Rd8 32.Nf4 Bxf4 33.exf4 Qb5 34.Qe3 h6 35.Re2 Qa4 36.Bc3 Qb3
37.Rcd2 R8d7 38.Kg2 Kh7 39.Qa7 Ne1+ 40.Rxe1 Rxd2 41.Bxd2 Qf3+ 42.Kg1 Rxd2
43.b4 Ra2 44.Qc5 Qh5 45.g4 Qg6 46.Qxf5 Qxf5 47.gxf5 Rxa3 48.Rxe4 Rb3 49.f6 gxf6
50.Re7+ Kg6 51.Rxb7 Rxh3 52.Kg2 Rb3 53.Rb6 Kf5 54.Rxa6 Rxb4 55.Kg3 Rb3+ 56.f3 Rb5
57.Rc6 Rb1 58.Rc5+ Kg6 59.Ra5 h5 60.Rc5 Rg1+ 61.Kf2 Rh1 62.Kg2 Rd1 63.Kg3 Rd4
64.Ra5 Kh6 65.Rb5 Rd7 66.Kh4 Rd4 67.Rxh5+  1/2-1/2

[Event "Dos Hermanas Internet KO"]
[Site "ICC INT"]
[Date "2001.04.06"]
[Round "2.3"]
[White "Stripunsky,A"]
[Black "Dreev,A"]
[Result "0-1"]
[WhiteElo "2495"]
[BlackElo "2685"]

1.e4 c6 2.d4 d5 3.exd5 cxd5 4.c4 Nf6 5.Nc3 Nc6 6.Nf3 Bg4 7.cxd5 Nxd5 8.Qb3 Bxf3
9.gxf3 e6 10.Qxb7 Nxd4 11.Bb5+ Nxb5 12.Qc6+ Ke7 13.Qxb5 Qd7 14.Nxd5+ Qxd5
15.Qxd5 exd5 16.Be3 Ke6 17.O-O-O Bb4 18.Kb1 Rhc8 19.Rd3 Bc5 20.Re1 Bxe3 21.Rdxe3+ Kf6
22.Re7 Rc4 23.Rd7 Rf4 24.Rd6+ Kf5 25.Rxd5+ Kg6 26.Rd6+ f6 27.Rg1+ Kh6 28.Rd7 g5
29.Rd3 Re8 30.Rg4 Re1+ 31.Kc2 Re2+ 32.Kc3 Rxf2 33.Rxf4 gxf4 34.Rd7 Rxf3+
35.Rd3 Rf2 36.Rd2 Rf1 37.b4 Kg5 38.Kd3 Kg4 39.b5 Kf3 40.Rb2 Rd1+ 41.Kc4 Ke3
42.Rb3+ Ke2 43.Rb2+ Ke3 44.Rb3+ Ke2 45.Ra3 f3 46.Ra6 f2 47.Re6+ Kd2 48.Rd6+ Kc2
49.Rxf6 f1=Q+ 50.Rxf1 Rxf1  0-1

[Event "Dos Hermanas Internet KO"]
[Site "ICC INT"]
[Date "2001.04.06"]
[Round "2.2"]
[White "Stripunsky,A"]
[Black "Dreev,A"]
[Result "0-1"]
[WhiteElo "2495"]
[BlackElo "2685"]

1.e4 c5 2.c3 d5 3.exd5 Qxd5 4.d4 g6 5.Nf3 Bg7 6.Be2 Nf6 7.O-O O-O 8.c4 Qd6
9.Nc3 Bg4 10.Be3 cxd4 11.Nxd4 Bxe2 12.Qxe2 Nc6 13.Rad1 h5 14.h3 Qe5 15.Qf3 Rac8
16.Rfe1 Qa5 17.Nb3 Qb4 18.Qe2 Na5 19.Nxa5 Qxa5 20.Bd4 e6 21.b3 Rfd8 22.Be5 a6
23.Bxf6 Bxf6 24.Ne4 Be7 25.Rxd8+ Rxd8 26.a4 Qe5 27.Ng3 Qxe2 28.Nxe2 Rd2 29.Nc3 Bb4
30.Ne4 Rd3 31.Re3 Rd1+ 32.Kh2 Kf8 33.g4 h4 34.Kg2 Ke7 35.Ng5 Bc5 36.Rf3 f6
37.Ne4 Bd4 38.b4 f5 39.gxf5 gxf5 40.Nc5 Rb1 41.Nd3 Rd1 42.b5 Kf6 43.bxa6 bxa6
44.Nb4 a5 45.Rd3 Rxd3 46.Nxd3 e5 47.f3 Ke6 48.Kf1 e4 49.fxe4 fxe4 50.Nf4+ Kf5
51.Nd5 Bc5 52.Ke2 Ke5 53.Ne3 Kf4 54.Nd5+ Ke5 55.Nc3 Kd4 56.Nd5 Kxc4 57.Nf4 Kb3
58.Ng6 Kxa4 59.Nxh4 Kb3 60.Ng6 a4 61.Ne5 a3 62.Nd7 Bd6 63.Nb6 a2 64.Ke3 a1=Q
65.Kxe4 Qa5  0-1

[Event "Dos Hermanas Internet KO"]
[Site "ICC INT"]
[Date "2001.04.06"]
[Round "2.1"]
[White "Dreev,A"]
[Black "Stripunsky,A"]
[Result "0-1"]
[WhiteElo "2685"]
[BlackElo "2495"]

1.d4 d5 2.c4 c6 3.Nf3 Nf6 4.e3 Bf5 5.Nc3 e6 6.Nh4 Be4 7.f3 Bg6 8.Qb3 Qc7
9.Bd2 Nbd7 10.Rc1 Be7 11.Nxg6 hxg6 12.g3 Rd8 13.Kf2 O-O 14.cxd5 exd5 15.Nxd5 Nxd5
16.Qxd5 Nb6 17.Qb3 Qd7 18.h4 Rfe8 19.h5 g5 20.Bh3 Qd6 21.Kg2 Qf6 22.Qc2 Nd5
23.a3 Bd6 24.e4 Qxd4 25.Bxg5 Ne3+ 26.Bxe3 Qxe3 27.Qf2 Qg5 28.f4 Qa5 29.e5 Bxe5
30.Rhe1 Qd5+ 31.Qf3 Qd2+ 32.Qf2 Qxf2+ 33.Kxf2 Bxb2 34.Rcd1 Bxa3 35.Kf3 Kf8
36.Bf5 a5 37.Rxe8+ Kxe8 38.Ra1 Bb4 39.g4 b5 40.Be4 Rd6 41.g5 a4 42.f5 a3
43.f6 gxf6 44.g6 Kf8 45.Rg1 fxg6 46.hxg6 Kg7 47.Rh1 f5 48.Bxf5 Bc3 49.Rh7+ Kf6
50.Rf7+ Kg5 51.Bb1 Rxg6 52.Bxg6 Kxg6 53.Ra7 b4 54.Ke4 c5 55.Kd3 Bd4 56.Kc4 Kf5
57.Kb3 Ke4 58.Kc4 Ke3 59.Kb3 Kd3 60.Ra8 Kd2 61.Rg8 Kc1 62.Rf8 Bc3 63.Rf1+ Kd2
64.Rf2+ Kd3 65.Rf3+ Ke4 66.Rh3 Kd5 67.Rh5+ Kc6 68.Rf5 Bd4 69.Rh5 Kb6 70.Rf5 Bg7
71.Rg5 Bb2 72.Rf5 c4+ 73.Kxb4 a2 74.Rb5+ Kc6 75.Ra5 c3 76.Rxa2 c2 77.Rxb2 c1=Q
78.Kb3 Qe3+ 79.Ka2 Kc5 80.Rb3 Qe2+ 81.Rb2 Qc4+ 82.Rb3 Qa6+ 83.Kb2 Qe2+ 84.Ka3 Kc4
85.Rb4+ Kc5 86.Rb3 Qd2 87.Rb2 Qa5+ 88.Kb3 Qb4+ 89.Ka2 Qa4+ 90.Kb1 Qd1+ 91.Ka2 Kc4
92.Rh2 Qa4+ 93.Kb2 Qb5+ 94.Ka2 Qa6+ 95.Kb1 Qg6+ 96.Ka2 Qe6 97.Ka1 Qe5+ 98.Rb2 Kc3
99.Ka2 Qa5+ 100.Kb1 Qa4 101.Rh2 Qd1+ 102.Ka2 Qd5+ 103.Kb1 Qf5+ 104.Ka2 Qe6+
105.Kb1 Qb6+ 106.Ka2 Qa7+ 107.Kb1 Qb8+ 108.Ka1 Qxh2  0-1

[Event "Dos Hermanas Internet KO"]
[Site "ICC INT"]
[Date "2001.04.07"]
[Round "3.1"]
[White "Dreev,A"]
[Black "Vlassov,N"]
[Result "1-0"]
[WhiteElo "2685"]
[BlackElo "2467"]

1.e4 d5 2.exd5 Nf6 3.Nf3 Nxd5 4.d4 Bf5 5.Bd3 Bxd3 6.Qxd3 Nc6 7.O-O e6 8.c4 Nb6
9.Nc3 Be7 10.Bf4 O-O 11.Rad1 Qd7 12.Ne4 Nb4 13.Qb3 Nc6 14.Nc5 Qc8 15.Qc3 Rd8
16.Ne4 a5 17.a3 a4 18.Qc2 h6 19.Rfe1 Ra5 20.h3 Rf5 21.Be3 Qa8 22.d5 exd5
23.Nc3 Rxf3 24.Bxb6 dxc4 25.gxf3 cxb6 26.Nd5 Bc5 27.Qxc4 Rd6 28.Nf4 Nd4 29.Rd3 Qd8
30.Re4 Qd7 31.Kg2 Kh7 32.Ne2 Nxe2 33.Rxd6 Qxd6 34.Rxe2 Qg6+ 35.Qg4 f5 36.Qxg6+ Kxg6
37.Rc2 Bd4 38.Rd2 Bc5 39.Rd7 Kf6 40.Rxb7 Bd4 41.Ra7 b5 42.Ra6+ Ke5 43.Ra5 Kd6
44.Rxb5 g6 45.Rb4 Kc5 46.f4 Bf6 47.Kf3 g5 48.Rxa4 g4+ 49.hxg4 fxg4+ 50.Kxg4 Bxb2
51.Ra6 Kb5 52.Rxh6 Bxa3 53.Kf5 Bc1 54.Rh1  1-0

[Event "Dos Hermanas Internet KO"]
[Site "ICC INT"]
[Date "2001.04.07"]
[Round "3.2"]
[White "Vlassov,N"]
[Black "Dreev,A"]
[Result "1/2-1/2"]
[WhiteElo "2467"]
[BlackElo "2685"]

1.e4 c6 2.d4 d5 3.e5 Bf5 4.Nc3 e6 5.g4 Bg6 6.Nge2 Ne7 7.Nf4 c5 8.dxc5 Nec6
9.h4 Qc7 10.h5 Qxe5+ 11.Nfe2 Be4 12.Rh3 h6 13.f4 Qc7 14.Nxe4 dxe4 15.Nc3 Bxc5
16.Nxe4 Be7 17.c3 Nd7 18.Bg2 O-O-O 19.Qe2 f5 20.Nf2 Bd6 21.Re3 Bxf4 22.Rxe6 Nc5
23.Bxc6 Nxe6 24.Qxe6+ Kb8 25.Bxf4 Qxf4 26.Qb3 Qc7 27.Bg2 fxg4 28.Kf1 Rhf8
29.Kg1 Rxf2 30.Kxf2 Qc5+ 31.Kg3 Qe5+ 32.Kxg4 Qg5+ 33.Kh3 Qxh5+ 34.Kg3 Qe5+
35.Kf2 Qc5+ 36.Kg3 Qe5+ 37.Kf2 Qc5+ 38.Kf3 Qf5+ 39.Kg3 Qe5+  1/2-1/2

[Event "GMA"]
[Site "Dos Hermanas ESP"]
[Date "2001.04.19"]
[Round "1"]
[White "Illescas Cordoba,M"]
[Black "Dreev,A"]
[Result "1-0"]
[WhiteElo "2562"]
[BlackElo "2685"]

1.e4 c6 2.d4 d5 3.Nd2 dxe4 4.Nxe4 Bf5 5.Ng3 Bg6 6.h4 h6 7.Nf3 e6 8.Ne5 Bh7
9.Bd3 Bxd3 10.Qxd3 Nd7 11.f4 c5 12.Be3 Qa5+ 13.Bd2 Qc7 14.O-O-O Ngf6 15.f5 cxd4
16.Nxd7 Qxd7 17.fxe6 fxe6 18.Rhe1 O-O-O 19.Qc4+ Qc6 20.Qxe6+ Qxe6 21.Rxe6 Rd5
22.Rf1 Kd7 23.Ree1 d3 24.c3 Bc5 25.Nf5 Re8 26.Rxe8 Nxe8 27.c4 Re5 28.Rf3 Ke6
29.Ng3 Be7 30.Bc3 Bxh4 31.Bxe5 Kxe5 32.Re3+ Kf6 33.Rxe8 Bxg3 34.Kd2  1-0

[Event "GMA"]
[Site "Dos Hermanas ESP"]
[Date "2001.04.22"]
[Round "4"]
[White "Dreev,A"]
[Black "Krasenkow,M"]
[Result "1-0"]
[WhiteElo "2685"]
[BlackElo "2655"]

1.d4 Nf6 2.c4 g6 3.Nc3 d5 4.Nf3 Bg7 5.Bf4 O-O 6.Rc1 dxc4 7.e3 c5 8.Bxc4 cxd4
9.Nxd4 Bd7 10.O-O Nc6 11.Nb3 Na5 12.Be2 Rc8 13.Bf3 b5 14.Qe2 b4 15.Nd5 Nxb3
16.axb3 Nxd5 17.Bxd5 Qb6 18.Bc4 Be6 19.Rfd1 a5 20.h3 Bxc4 21.Rxc4 Qa6 22.Rdc1 a4
23.Kf1 Rxc4 24.Qxc4 Qf6 25.Rc2 a3 26.bxa3 bxa3 27.Ra2 Qb2 28.b4 Qb1+ 29.Ke2 e5
30.Bg5 h6 31.Be7 Re8 32.Bc5 Rd8 33.Qc2 Qh1 34.e4 Ra8 35.b5 Qxg2 36.Rxa3 Rc8
37.b6 Bf8 38.Rc3 Bxc5 39.Rxc5 Rxc5 40.Qxc5 Qxe4+ 41.Kd2 Qf3 42.Qc8+ Kg7 43.b7 Qxf2+
44.Kc3 Qd4+ 45.Kb3 Qd3+ 46.Kb4 Qd4+ 47.Kb5 Qd5+ 48.Kb6 Qd6+ 49.Qc6 Qd8+ 50.Qc7 Qd4+
51.Qc5 Qd8+ 52.Kc6  1-0

[Event "GMA"]
[Site "Dos Hermanas ESP"]
[Date "2001.04.24"]
[Round "6"]
[White "Dreev,A"]
[Black "Smirin,I"]
[Result "1-0"]
[WhiteElo "2685"]
[BlackElo "2691"]

1.d4 Nf6 2.c4 g6 3.Nc3 Bg7 4.e4 d6 5.f3 O-O 6.Nge2 a6 7.Be3 Nbd7 8.Qd2 c5
9.dxc5 dxc5 10.Rd1 Qa5 11.Nc1 Qc7 12.Nd3 b6 13.Bf4 e5 14.Bg5 Re8 15.Be2 Nf8
16.Nd5 Nxd5 17.cxd5 Nd7 18.Rc1 Qd6 19.b4 cxb4 20.Qxb4 Qb8 21.O-O Bf8 22.Qb2 Bb7
23.a4 a5 24.Nf2 Bc5 25.Bb5 Qd6 26.Bxd7 Qxd7 27.Rxc5 bxc5 28.Ng4 Ra6 29.Nh6+ Kf8
30.f4 Bxd5 31.exd5 f5 32.Rd1 Qxa4 33.Qc1 Rd6 34.h4 Qb3 35.Qa1 Rxd5 36.Rb1 Qe3+
37.Kh1 Qd4 38.Qxa5 exf4 39.Rb7 Rd7 40.Rxd7 Qxd7 41.Qxc5+ Re7 42.Ng8 Kxg8
43.Qxe7  1-0

[Event "GMA"]
[Site "Dos Hermanas ESP"]
[Date "2001.04.25"]
[Round "7"]
[White "Vallejo Pons,F"]
[Black "Dreev,A"]
[Result "1/2-1/2"]
[WhiteElo "2559"]
[BlackElo "2685"]

1.e4 c5 2.Nf3 Nc6 3.d4 cxd4 4.Nxd4 Nf6 5.Nc3 d6 6.Bg5 e6 7.Qd2 a6 8.O-O-O Bd7
9.f3 Qc7 10.Kb1 Be7 11.h4 Na5 12.Nb3 Nxb3 13.axb3 Bc6 14.Ne2 h6 15.Be3 d5
16.e5 Nd7 17.f4 h5 18.Nd4 Nc5 19.Bd3 g6 20.Qf2 Bd7 21.Rd2  1/2-1/2

[Event "Bosnia 2001"]
[Site "Sarajevo BIH"]
[Date "2001.05.14"]
[Round "2"]
[White "Dreev,A"]
[Black "Kozul,Z"]
[Result "1-0"]
[WhiteElo "2685"]
[BlackElo "2595"]

1.d4 Nf6 2.c4 g6 3.Nc3 Bg7 4.e4 d6 5.f3 O-O 6.Nge2 c6 7.Be3 Nbd7 8.Qd2 e5
9.d5 cxd5 10.cxd5 Ne8 11.h4 f5 12.h5 f4 13.Bf2 g5 14.h6 Bf6 15.g3 Nb6 16.gxf4 gxf4
17.Nc1 Kh8 18.Nb3 Bd7 19.Na5 Rb8 20.O-O-O a6 21.Kb1 Nc8 22.Ne2 Ne7 23.Rc1 Bb5
24.Qb4 Ng6 25.a4 Bd3+ 26.Ka2 Nh4 27.Rc3 Bxe2 28.Bxe2 Ng2 29.Rb3 Rc8 30.Qxb7 Nc7
31.Nc6 Qe8 32.Bf1  1-0

[Event "Bosnia 2001"]
[Site "Sarajevo BIH"]
[Date "2001.05.15"]
[Round "3"]
[White "Topalov,V"]
[Black "Dreev,A"]
[Result "1/2-1/2"]
[WhiteElo "2707"]
[BlackElo "2685"]

1.e4 c6 2.d4 d5 3.Nd2 dxe4 4.Nxe4 Bf5 5.Ng3 Bg6 6.h4 h6 7.Nf3 e6 8.Ne5 Bh7
9.Bd3 Bxd3 10.Qxd3 Nd7 11.f4 c5 12.Be3 Qa5+ 13.Bd2 Qa4 14.Qf3 Ngf6 15.Qxb7 Rb8
16.Qc7 cxd4 17.b3 Qa6 18.Qc6 Rb6 19.Qa8+ Rb8 20.Qc6 Rb6 21.Qa8+ Rb8 22.Qc6  1/2-1/2

[Event "Bosnia 2001"]
[Site "Sarajevo BIH"]
[Date "2001.05.20"]
[Round "7"]
[White "Atalik,S"]
[Black "Dreev,A"]
[Result "0-1"]
[WhiteElo "2537"]
[BlackElo "2685"]

1.d4 d5 2.c4 c6 3.Nf3 Nf6 4.Nc3 e6 5.Bg5 h6 6.Bh4 dxc4 7.e4 g5 8.Bg3 b5 9.Be2 Bb7
10.h4 b4 11.hxg5 bxc3 12.gxf6 cxb2 13.Rb1 Qa5+ 14.Nd2 c3 15.O-O Ba6 16.Nb3 Qxa2
17.Nc5 Bb5 18.Qc2 Qa3 19.Rfd1 Rg8 20.Bxb5 cxb5 21.Qe2 Qb4 22.Nxe6 Qc4 23.Nc7+ Kd8
24.Qh5 Rg5 25.Qh3 Rxg3 26.Qxg3 Qxc7 27.Qg8 Nd7 28.Qxf7 Qc4 29.d5 Qxe4  0-1

[Event "Bosnia 2001"]
[Site "Sarajevo BIH"]
[Date "2001.05.22"]
[Round "9"]
[White "Dreev,A"]
[Black "Smirin,I"]
[Result "1/2-1/2"]
[WhiteElo "2685"]
[BlackElo "2691"]

1.d4 Nf6 2.c4 g6 3.Nc3 d5 4.Nf3 Bg7 5.Bf4 O-O 6.Rc1 dxc4 7.e3 c5 8.Bxc4 cxd4
9.Nxd4 Bd7 10.Nb3 Nc6 11.Nc5 Bc8 12.O-O Nd7 13.N5e4 Nde5 14.Be2  1/2-1/2

[Event "7th Tan Chin Nam Cup"]
[Site "Shanghai CHN"]
[Date "2001.07.10"]
[Round "2"]
[White "Krasenkow,M"]
[Black "Dreev,A"]
[Result "1-0"]
[WhiteElo "2573"]
[BlackElo "2690"]

1.d4 d5 2.c4 c6 3.Nc3 Nf6 4.Nf3 e6 5.e3 Nbd7 6.Bd3 dxc4 7.Bxc4 b5 8.Bd3 Bb7
9.a3 Bd6 10.b4 a5 11.Rb1 axb4 12.axb4 Nd5 13.Nxd5 exd5 14.e4 dxe4 15.Bxe4 Nf6
16.Bg5 h6 17.Bxf6 Qxf6 18.O-O O-O 19.Re1 Rfe8 20.Bc2 g6 21.Qd2 Kg7 22.Qc3 Rac8
23.Ne5 Re7 24.Re3 Rce8 25.Rbe1 Qg5 26.g3 Re6 27.Bb3 R6e7 28.Nxf7 Rxe3 29.fxe3 Qe7
30.Nxd6 Qxd6 31.Rf1 Rf8 32.d5+ Rf6 33.e4 cxd5 34.exd5 Qb6+ 35.Kg2 Qd8 36.Qd4 Kf7
37.Re1 Rf5 38.Kg1 Qd6 39.Qa7 Qd7 40.d6+ Kf8 41.Qd4  1-0

[Event "7th Tan Chin Nam Cup"]
[Site "Shanghai CHN"]
[Date "2001.07.11"]
[Round "3"]
[White "Dreev,A"]
[Black "Tkachiev,V"]
[Result "1-0"]
[WhiteElo "2690"]
[BlackElo "2642"]

1.d4 Nf6 2.c4 g6 3.Nc3 Bg7 4.e4 d6 5.f3 O-O 6.Nge2 c5 7.d5 e6 8.Ng3 exd5
9.cxd5 h5 10.Be2 h4 11.Nf1 Nh7 12.Be3 f5 13.exf5 Bxf5 14.Bf2 b5 15.a3 a6
16.Ne3 Nd7 17.g4 hxg3 18.hxg3 c4 19.Nxf5 gxf5 20.Kf1 Qf6 21.f4 Rac8 22.Bxc4 bxc4
23.Qh5 Rb8 24.Re1 Rxb2 25.Qxh7+ Kf7 26.Qh5+ Kg8 27.Nd1 Rd2 28.Ne3 Rf7 29.Nxc4 Rxd5
30.Qf3 Rb5 31.Rd1 d5 32.a4 dxc4 33.axb5 axb5 34.Qb7 Qe6 35.Re1 Qd6 36.Qxb5 c3
37.Qc4 Nf6 38.Qc8+ Rf8 39.Qxf5 Qa6+ 40.Kg1 Rc8 41.Qc2 Qc6 42.Bd4 Qd5 43.Bxf6 Bxf6
44.Qg6+ Bg7 45.Re8+ Rxe8 46.Qxe8+ Bf8 47.Qg6+ Bg7 48.Qe8+ Bf8 49.Rh5 Qd4+
50.Kg2  1-0

[Event "7th Tan Chin Nam Cup"]
[Site "Shanghai CHN"]
[Date "2001.07.16"]
[Round "7"]
[White "Dreev,A"]
[Black "Ni Hua"]
[Result "1/2-1/2"]
[WhiteElo "2690"]
[BlackElo "2528"]

1.d4 Nf6 2.c4 g6 3.Nc3 d5 4.Nf3 Bg7 5.Bf4 O-O 6.Rc1 dxc4 7.e3 Be6 8.Ng5 Bd5
9.e4 h6 10.exd5 hxg5 11.Bxg5 Nxd5 12.Bxc4 Nb6 13.Bb3 Nc6 14.Ne2 a5 15.a4 Rc8
16.Be3 e5 17.d5 Nd4 18.Nc3 Qh4 19.Ba2 c6 20.dxc6 Rxc6 21.O-O Rd8 22.Qe1 Nc4
23.Bxd4 exd4 24.g3 Qg4 25.Qe7 Qd7 26.Nd5 Ne5 27.f4 Ng4 28.Qg5 Re8 29.Rce1 Ne3
30.Nxe3 dxe3 31.Re2 Qd3 32.Qg4 Rc2 33.Rfe1 Rxe2 34.Qxe2 Qxe2 35.Rxe2 Bxb2
36.Kf1 Bd4 37.Rc2 b6 38.Ke2 Bc5 39.Rc3 Re4 40.Rc4 Re7 41.Rc3 Rd7 42.Rd3 Bd4
43.Bc4 Kf8 44.Rd1 Ke7  1/2-1/2

[Event "7th Tan Chin Nam Cup"]
[Site "Shanghai CHN"]
[Date "2001.07.17"]
[Round "8"]
[White "Dreev,A"]
[Black "Zhang Zhong"]
[Result "1-0"]
[WhiteElo "2690"]
[BlackElo "2632"]

1.d4 Nf6 2.Nf3 e6 3.Bg5 c5 4.e3 Nc6 5.Nbd2 b6 6.Ne4 Be7 7.Bxf6 gxf6 8.d5 Nb4
9.c4 f5 10.Ng3 d6 11.a3 Na6 12.Bd3 Nc7 13.e4 fxe4 14.Bxe4 f5 15.Bd3 O-O 16.Qc2 Qd7
17.dxe6 Qxe6+ 18.Kf1 Qf7 19.Re1 Bd8 20.h4 h6 21.h5 Bd7 22.Qd2 f4 23.Ne4 Be7
24.Nh4 Bxh4 25.Rxh4 Rad8 26.g3 d5 27.Rxf4 Qxf4 28.gxf4 dxe4 29.Rxe4 Bf5 30.Re3 Ne6
31.Rg3+ Kf7 32.Qc3 Bxd3+ 33.Rxd3 Nxf4 34.Rxd8 Rxd8 35.Qf3 Rd4 36.Kg1 Kf6
37.Qb7 Nxh5 38.Qxa7 Rd6 39.Qc7 Re6 40.b4 cxb4 41.axb4 Ng7 42.b5 Ne8 43.Qd8+ Ke5
44.Qd5+ Kf6 45.c5 bxc5 46.b6 Nd6 47.Qxc5  1-0